000 00480nam a22001697a 4500
005 20251108163333.0
008 250721s1988 xx 000 0 ara d
082 1 4 _a216.7/بصب
100 1 _aبصبوص، أحمد عبد ربه مبارك
245 1 0 _aفن القيادة في الإسلام /
264 1 _aالزرقاء :
_bمكتبة المنار،
_c1988.
300 _a276ص.
650 1 7 _aالقيادة
650 1 7 _aالإسلام
942 _2ddc
_cBK
999 _c163
_d163